00177nam a2200073Ia 4500008004100000020000600041100002600047245003000073211105s9999 xx 000 0 und d a" a VAN DEN BERGH, Kas  0aBelydenis van dr Elmarie